00676nam a2200241 a 4500001001300000003000900013005001700022008004100039020001000080082001600090100003000106245001900136260003500155300000900190500003500199505001000234650001600244700003000260902000800290942000700298952011600305999001300421nice12345678IN_TiNIC20260116011304.0050524s1897 teha grp 000 0 per  ac10000a297.4bMOO1 aMoosvi, Mohd Bin Ibraheem aHayatul Muhibb aTehranbAli Asghar Pressc1897 a150p aincludes index and biblioraphy2 aIndex aSufism-Iran1 aMoosvi, Mohd Bin Ibraheem bSRS cBK 001040708StackRoom-aHMIbHMId2007-09-19g100.00l0o297.4 MOO1p04469r2007-09-19v100.00w2005-05-24yBK c191d191